| 000 | 00000nam##2200000za#4500 |
| 001 | 9.567958 |
| 003 | CaOODSP |
| 005 | 20210624181031 |
| 007 | cr ||||||||||| |
| 008 | 150406|2001||||xxc|||||o f|0| 0 eng|d |
| 040 | |aCaOODSP|beng |
| 043 | |an-cn--- |
| 086 | 1 |aBT31-2/2002-III-108E-PDF |
| 110 | 1 |aCanada. |bTreasury Board. |
| 245 | 10|aMillennium Bureau of Canada, 2001-2002 estimates, part III, report on plans and priorities |h[electronic resource] |
| 246 | 3 |aMillennium Bureau of Canada, 2001-2002, report on plans and priorities |
| 260 | |aOttawa - Ontario : |bTreasury Board of Canada Secretariat |cc2001. |
| 300 | |a17p.|borganization chart, tables |
| 490 | 1 |a2001-2002 estimates. Part III, Report on plans and priorities |v2001-2002 |
| 500 | |aThe catalogue number (BT31-2/2002-III-108) and ISBN (0-660-61530-4) for the bilingual print edition have been incorrectly copied in this electronic publication. |
| 590 | |a10-14-Supp|b2010-12-03 |
| 775 | 08|tBureau du Canada pour le millénaire, budget des dépenses 2001-2002, partie III, rapport sur les plans et les priorités |w(CaOODSP)9.599269 |
| 776 | 0#|tMillennium Bureau of Canada |w(CaOODSP)9.534498 |
| 776 | 0#|tBureau du Canada pour le millénaire |w(CaOODSP)9.534499 |
| 830 | #0|a2001-2002 estimates. Part III, Report on plans and priorities ;|v2001-2002|w(CaOODSP)9.506174 |
| 856 | 40|ahttp://publications.gc.ca|qPDF|s584 KB|uhttps://publications.gc.ca/collections/Collection/BT31-2-2002-III-108E.pdf|y2001-2002 |